| 000 | 00440nam a2200157 i 4500 | ||
|---|---|---|---|
| 001 | 27757 | ||
| 003 | ES-MaACL | ||
| 005 | 20230906153713.0 | ||
| 007 | t| | ||
| 008 | 030115s1967 sp ||||1| spa d | ||
| 100 | 1 |
_aAzcárraga, Adolfo de. _924257 |
|
| 245 | 1 | 0 |
_aViaje por Italia / _cAdolfo de Azcárraga. |
| 260 |
_aValencia : _bFomento de Cultura, _c[1967] |
||
| 300 |
_a414 p. : _bil. ; _c25 cm. |
||
| 852 |
_aES-MaACL _jC-33720 _bR.64582 |
||
| 999 |
_c27757 _d27757 |
||